<?xml version="1.0" encoding="UTF-8"?>
<record
    xmlns:xsi="http://www.w3.org/2001/XMLSchema-instance"
    xsi:schemaLocation="http://www.loc.gov/MARC21/slim http://www.loc.gov/standards/marcxml/schema/MARC21slim.xsd"
    xmlns="http://www.loc.gov/MARC21/slim">

  <leader>03098nam a2200229Ia 4500</leader>
  <controlfield tag="001">IA_En el presente trabajo se realiz&#xF3; una recopilaci&#xF3;n de la forma en que se logr&#xF3; la certificaci&#xF3;n de la planta denominada General de Solubles S.A. (GESOL S.A.) La cual produce caf&#xE9; soluble y caf&#xE9; tostado y molido. Tambi&#xE9;n se resalta el proceso para obtener una certificaci&#xF3;n internacional en inocuidad alimentaria como lo es la norma global BRC versi&#xF3;n 6.0 (British Retail Consortium), la cual est&#xE1; reconocida por la GFSI (Global Food Safety Iniciative). Adem&#xE1;s, este documento se pretende que sirva como una gu&#xED;a para implementar la norma BRC en una industria alimentaria. En cada punto del cap&#xED;tulo 2, primero se describen los requisitos de la norma y despu&#xE9;s la forma en que la planta solventa dichos requerimientos.   Quality Management Systems have allowed companies in recent years, maintain standards that have served to compete in an increasingly globalized world. Quality Management Systems (QMS) are used to reduce costs in part of the production chain; train personnel, satisfy consumer needs, operate facilities in a safe and efficient way, by doing this, employees will be more productive and have fewer accidents. Likewise, consumers will have fewer complaints and both they and the producers will benefit mutually. However, in the food industry, safety management is added to the QMS, whose proper implementation guarantees that the products are safe and do not cause harm to the health of the consumer. In addition, with this system, companies will receive fewer complaints, and both they and consumers will benefit each other. In this work, a compilation of the way in which achieve the certification of the plant called General de Solubles S.A. (GESOL S.A.) which produces soluble coffee and roasted and ground coffee. The process to obtain an international certification in food safety is also highlighted, as is the global standard BRC version 6.0 (British Retail Consortium), which is recognized by the GFSI (Global Food Safety Initiative). In addition, this document is intended to serve as a guide to implement the BRC standard in a food industry. In each point of chapter 2, first the requirements of the standard are described and then the way in which the plant solves said requirements.</controlfield>
  <controlfield tag="002">PROCESO DE CERTIFICACION DE CALIDAD E INOCUIDAD BA</controlfield>
  <controlfield tag="008">220117s    xx            000 0 und d</controlfield>
  <datafield tag="010" ind1=" " ind2=" ">
    <subfield code="a">184441</subfield>
  </datafield>
  <datafield tag="530" ind1=" " ind2=" ">
    <subfield code="a">Disponible en PDF</subfield>
  </datafield>
  <datafield tag="583" ind1=" " ind2=" ">
    <subfield code="a">1 ej. Imp. ; 1 ej. CD</subfield>
  </datafield>
  <datafield tag="650" ind1=" " ind2=" ">
    <subfield code="a">Caf&#xE9;</subfield>
    <subfield code="x">Est&#xE1;ndares de calidad de un producto  </subfield>
    <subfield code="9">155216</subfield>
  </datafield>
  <datafield tag="650" ind1=" " ind2="0">
    <subfield code="a">Caf&#xE9;</subfield>
    <subfield code="x">Industria y comercio</subfield>
    <subfield code="z">M&#xE9;xico  </subfield>
    <subfield code="9">148846</subfield>
  </datafield>
  <datafield tag="650" ind1=" " ind2="0">
    <subfield code="a">Coffee</subfield>
    <subfield code="x">Industry and trade</subfield>
    <subfield code="z">Mexico  </subfield>
    <subfield code="9">148847</subfield>
  </datafield>
  <datafield tag="650" ind1=" " ind2=" ">
    <subfield code="a">Coffee</subfield>
    <subfield code="x">Product quality standards</subfield>
    <subfield code="9">155219</subfield>
  </datafield>
  <datafield tag="651" ind1=" " ind2=" ">
    <subfield code="a">5. M&#xE9;xico - Coahuila - Torre&#xF3;n - Caf&#xE9;</subfield>
    <subfield code="9">156990</subfield>
  </datafield>
  <datafield tag="700" ind1=" " ind2=" ">
    <subfield code="a">Ascencio Rivera, J. Rogelio, dir. </subfield>
    <subfield code="9">152155</subfield>
  </datafield>
  <datafield tag="700" ind1=" " ind2=" ">
    <subfield code="a">Reyna Izaguirre, Diana Am&#xE9;rica, asesor </subfield>
    <subfield code="9">163691</subfield>
  </datafield>
  <datafield tag="700" ind1=" " ind2=" ">
    <subfield code="a">Szymanski Duque, Rosa Guadalupe, asesor</subfield>
    <subfield code="9">163701</subfield>
  </datafield>
  <datafield tag="942" ind1=" " ind2=" ">
    <subfield code="c">TESIS M463 2019</subfield>
  </datafield>
  <datafield tag="999" ind1=" " ind2=" ">
    <subfield code="c">184441</subfield>
    <subfield code="d">184441</subfield>
  </datafield>
</record>
